15 krajów o największej liczbie zgonów Covid19 - 21 września - Statystyki

Ogólne statystyki
  • Ten quiz został rozwiązany 35 razy
  • Średni wynik to 10 z 20
Statystyki odpowiedzi
kraj % Poprawnych
Rosja
94%
Stany Zjednoczone
94%
Francja
81%
Brazylia
72%
Hiszpania
72%
Włochy
69%
Indie
66%
Wielka Brytania
56%
Meksyk
53%
Argentyna
47%
Szwecja
44%
Chile
41%
Republika Południowej Afryki
41%
Peru
34%
Boliwia
31%
Kolumbia
31%
Iran
28%
Ekwador
25%
Panama
22%
Belgia
19%
Nie znaleziono quizów pasujących do podanych kryteriów
Rozkład punktacji
Procent ludzi z każdym wynikiem
Percentyl według liczby udzielonych odpowiedzi
Twoja historia wyników
Nie rozwiązałeś tego quizu